000 00390nam a2200157Ia 4500
008 151213s9999 xx 000 0 und d
100 _aC.P.Johnas
245 _aInvestment analysis & Portfolio management
_cC.P.Johnas
250 _a9th
260 _aIndia
_bJohawiley & Sons
_c2006
300 _a4247 p.
650 _aFinance
650 _aFinance
700 _aC.P.Johnas
999 _c2671
_d2671